The Friday Multiple Choice Quiz (General Knowledge) #16 - Statistics

General Stats
  • This quiz has been taken 29 times
  • The average score is 6 of 10
Answer Stats
Question Answer % Correct
What happened in the Sahara desert for the first known time in 1979? It snowed
86%
Regarding transport in London, what do the letters DLR stand for? Docklands Light Railway
83%
In 1973 who released the album 'Don't Shoot Me I'm Only The Piano Player' ? Elton John
79%
Which state in the USA has the most Grizzly bears? Alaska
69%
Who was the first female presenter of BBC Radio 4's Desert Island Discs? Sue Lawley
66%
What is the oldest Football competition? F.A.Cup
55%
What was the name of Ike and Tina Turner's backing group? Ikettes
55%
Who was Israeli Minister of Defence from 1967-74? Moshe Dayan
55%
When did the half pence coin go out of circulation in the UK? 1984
34%
How many tiles are there in a standard English Scrabble set? 100
24%
No matching quizzes found
Score Distribution
Percent of People with Each Score
Percentile by Number Answered
Your Score History
You have not taken this quiz